Všeobecne o zdravotnom poistení

Bibliographic Details
Main Author: Macková, Zuzana, 1966- (Author)
Format: Article
Language:Slovak

MARC

LEADER 00000nab a2200000uu 4500
001 vtls010908038
003 SK-MaSNL
005 20260303204935.0
008 230121|1999 xo |||||||||||||||||slo|
015 |a SNBRB 
035 |a (urnnbn)urn:nbn:sk:snk:ar-a07ybd 
035 |a (uuid)934ed6a8-ccc7-4c0f-ab64-5abdf2c05cbf 
035 |a urn:nbn:sk:snk-ab8y0r 
040 |a SNKBUCL  |b slo  |c SNKBUCL  |e AACR2 
041 0 |a slo 
044 |a xo  |c SK 
100 1 |a Macková, Zuzana,  |d 1966-  |4 aut  |9 237481 
245 1 0 |a Všeobecne o zdravotnom poistení  |c Zuzana Macková 
773 0 |t Bezpečnosť práce : odborný časopis pre problematiku bezpečnosti a ochrany zdravia pri práci  |g Č. 3 (1999), s. 31-32 
954 |a odborná, vedecká literatúra pôvodná (slovenská)  |2 lita 
958 |a OND 
958 |a EUIPO 
958 |a article10 
999 |c 2192702  |d 2194632